[Event "8th Asian Continental Chess Championship"]
[Site "Subic Bay Free Port"]
[Date "2009.05.21"]
[EventDate "2009.05.13"]
[Round "9.20"]
[Result "1/2-1/2"]
[White "Mark Paragua"]
[Black "Vidit Santosh Gujrathi"]
[WhiteElo "2529"]
[BlackElo "2441"]
[PlyCount "82"]

1. d4 d5 2. Nf3 Nf6 3. c4 c6 4. Nc3 a6 5. e3 Bf5 6. Qb3 Ra7
7. cxd5 cxd5 8. Ne5 e6 9. Qa4+ Nbd7 10. Be2 Ra8 11. g4 Bg6
12. h4 b5 13. Qd1 b4 14. h5 Be4 15. Nxe4 Nxe4 16. Bd3 Nxe5
17. dxe5 Nc5 18. Bc2 Be7 19. b3 Qc7 20. Bb2 Qb7 21. Bd4 Rc8
22. g5 Bxg5 23. Rg1 Bh6 24. Rc1 Nd7 25. Ke2 Nb8 26. f4 Nc6
27. Bb2 Qb6 28. Kf3 Qb7 29. Rg2 Ne7 30. Bd3 O-O 31. Rgc2 a5
32. Rc5 Qa8 33. Qc2 g6 34. Rc7 Rfe8 35. hxg6 hxg6 36. Bb5 Red8
37. Bd4 Bf8 38. Bd7 Rxd7 39. Rxc8 Nxc8 40. Qxc8 Qxc8 41. Rxc8
Kg7 1/2-1/2

[Event "8th Asian Continental Chess Championship"]
[Site "Subic Bay Free Port"]
[Date "2009.05.23"]
[EventDate "2009.05.13"]
[Round "11.27"]
[Result "1/2-1/2"]
[White "Tsegmed Batchuluun"]
[Black "Vidit Santosh Gujrathi"]
[WhiteElo "2391"]
[BlackElo "2441"]
[PlyCount "92"]

1. d4 d5 2. c4 c6 3. Nf3 Nf6 4. e3 g6 5. Bd3 Bg7 6. O-O O-O
7. Nbd2 a5 8. b3 Nbd7 9. Bb2 Re8 10. cxd5 Nxd5 11. Nc4 N7b6
12. a3 Bg4 13. h3 Bxf3 14. Qxf3 Nxc4 15. bxc4 Nb6 16. Rab1 e5
17. c5 Nd7 18. Bc4 Re7 19. Ba1 Qc7 20. Rb3 exd4 21. exd4 Rae8
22. Re3 Nf8 23. Rfe1 Qd7 24. Qg4 Qc7 25. a4 Bf6 26. Bc3 Qd8
27. Qd1 Kg7 28. Rxe7 Rxe7 29. Rxe7 Qxe7 30. Bxa5 Ne6 31. Bxe6
Qxe6 32. Bc3 Qc4 33. Qa1 Kg8 34. Qb2 Kg7 35. a5 h5 36. Qa1 h4
37. Qb2 Qd3 38. Qa1 Kh7 39. Bb2 Qc2 40. Bc3 Qd3 41. Kh2 Kg8
42. Qb2 Bg5 43. Qa1 Bf6 44. Kg1 Bg7 45. Bb2 Qd2 46. Bc3 Qd3
1/2-1/2

[Event "Chigorin Memorial Open"]
[Site "St Petersburg RUS"]
[Date "2009.10.22"]
[EventDate "2009.10.16"]
[Round "7"]
[Result "1/2-1/2"]
[White "Dmitry Bocharov"]
[Black "Vidit Santosh Gujrathi"]
[WhiteElo "2607"]
[BlackElo "2423"]
[PlyCount "80"]

1. d4 d5 2. c4 c6 3. Nf3 Nf6 4. e3 g6 5. Nc3 Bg7 6. Be2 O-O
7. O-O a6 8. Bd2 dxc4 9. Bxc4 b5 10. Be2 Nbd7 11. b4 a5 12. a3
axb4 13. axb4 Rxa1 14. Qxa1 Re8 15. Qa8 Qc7 16. Rc1 Bb7
17. Qa2 Qb8 18. Bd1 e6 19. e4 e5 20. Bb3 Re7 21. Be3 exd4
22. Bxd4 Ng4 23. Bxg7 Kxg7 24. Qd2 Nde5 25. Nxe5 Nxe5 26. Rd1
Rd7 27. Qe3 Ng4 28. Qg3 Rxd1+ 29. Nxd1 Qxg3 30. hxg3 Ne5
31. Nb2 c5 32. bxc5 Nd7 33. f3 Nxc5 34. Bc2 Kf6 35. Kf2 h5
36. Ke3 g5 37. Kd4 Ne6+ 38. Ke3 Nc5 39. Kd4 Ne6+ 40. Ke3 Nc5
1/2-1/2

[Event "Indian Premier National A Championship"]
[Site "Mumbai IND"]
[Date "2009.12.01"]
[EventDate "2009.12.01"]
[Round "1"]
[Result "1/2-1/2"]
[White "Vidit Santosh Gujrathi"]
[Black "N Sudhakar Babu"]
[WhiteElo "2459"]
[BlackElo "2335"]
[PlyCount "113"]

1. d4 d5 2. Nf3 Nf6 3. c4 e6 4. g3 c6 5. Bg2 Be7 6. O-O O-O
7. Qc2 b6 8. Nbd2 Bb7 9. e4 Nbd7 10. e5 Ne8 11. cxd5 cxd5
12. Re1 Qc7 13. Qa4 Qc6 14. Qd1 Rc8 15. Nf1 Qc2 16. Qxc2 Rxc2
17. Ne3 Rc8 18. Bd2 Nc7 19. Rac1 Na6 20. Bf1 Rxc1 21. Rxc1 Rc8
22. Rxc8+ Bxc8 23. Ne1 Nc7 24. f4 Nb8 25. N1c2 Ba6 26. Bb4
Bxb4 27. Nxb4 Bxf1 28. Kxf1 Nb5 29. Nec2 a5 30. a4 Nxd4
31. Nxd4 axb4 32. f5 Nd7 33. fxe6 fxe6 34. Nxe6 Nxe5 35. Nf4
d4 36. Nd5 Nc4 37. b3 Nd2+ 38. Ke2 Nxb3 39. Kd3 Nc5+ 40. Kxd4
Nxa4 41. Kc4 b3 42. Kxb3 Nc5+ 43. Kc4 Nd7 44. Kb5 Kf7 45. Kc6
Ne5+ 46. Kxb6 Nf3 47. h3 Ng1 48. Kc5 Ne2 49. Kd6 Nxg3 50. Ke5
Nh5 51. Kf5 h6 52. Ne3 g6+ 53. Ke5 Nf6 54. Nc4 Nd7+ 55. Kd6
Nf6 56. Ke5 Ke7 57. Nb6 1/2-1/2

[Event "Indian Premier National A Championship"]
[Site "Mumbai IND"]
[Date "2009.12.03"]
[EventDate "2009.12.01"]
[Round "3"]
[Result "1/2-1/2"]
[White "Vidit Santosh Gujrathi"]
[Black "Geetha Narayanan Gopal"]
[WhiteElo "2459"]
[BlackElo "2593"]
[PlyCount "43"]

1. d4 Nf6 2. c4 g6 3. Nc3 d5 4. Bf4 Bg7 5. e3 O-O 6. Rc1 c5
7. dxc5 Be6 8. Nge2 Nc6 9. cxd5 Nxd5 10. Nxd5 Bxd5 11. Nc3
Bxc3+ 12. Rxc3 Bxa2 13. Bb5 Qxd1+ 14. Kxd1 Bd5 15. f3 Rfd8
16. Ke2 Rac8 17. Rd1 a6 18. Ba4 Nb4 19. Rd4 Nc6 20. Rd1 Nb4
21. Rd4 Nc6 22. Rd1 1/2-1/2

[Event "Indian Premier National A Championship"]
[Site "Mumbai IND"]
[Date "2009.12.04"]
[EventDate "2009.12.01"]
[Round "4"]
[Result "0-1"]
[White "Kantholi Rathnakaran"]
[Black "Vidit Santosh Gujrathi"]
[WhiteElo "2421"]
[BlackElo "2459"]
[PlyCount "94"]

1. e4 c5 2. Nc3 Nc6 3. g3 g6 4. Bg2 Bg7 5. Nge2 e6 6. O-O d6
7. b3 Nge7 8. Bb2 O-O 9. Na4 Nd4 10. c3 Nxe2+ 11. Qxe2 Rb8
12. c4 Bxb2 13. Nxb2 Nc6 14. f4 Bd7 15. Nd1 b5 16. d3 a5
17. Ne3 a4 18. bxa4 bxa4 19. Qf2 f5 20. exf5 gxf5 21. Rab1 Qf6
22. Qd2 Qd4 23. Kh1 Rxb1 24. Rxb1 Rb8 25. Rxb8+ Nxb8 26. h4
Nc6 27. Qe2 Kf8 28. Nc2 Qb2 29. a3 Nd8 30. Kg1 Qc3 31. Bf3 Qb2
32. Bg2 Ke7 33. Bh3 Kf6 34. Qh5 Qc1+ 35. Bf1 Nf7 36. Qe2 Bc6
37. Ne3 Qxa3 38. g4 Qc1 39. h5 a3 40. g5+ Kg7 41. Ng2 e5
42. Ne3 Kf8 43. g6 hxg6 44. hxg6 Nh6 45. fxe5 a2 46. Qf2 a1=Q
47. Qf4 Kg7 0-1

[Event "Indian Premier National A Championship"]
[Site "Mumbai IND"]
[Date "2009.12.05"]
[EventDate "2009.12.01"]
[Round "5"]
[Result "1-0"]
[White "Vidit Santosh Gujrathi"]
[Black "Deep Sengupta"]
[WhiteElo "2459"]
[BlackElo "2488"]
[PlyCount "93"]

1. d4 d6 2. c4 e5 3. Nf3 e4 4. Ng5 f5 5. Nc3 Be7 6. Nh3 c6
7. g3 Nf6 8. Bg2 Na6 9. d5 O-O 10. O-O Nc7 11. a4 Bd7 12. f3
cxd5 13. cxd5 b5 14. fxe4 b4 15. Na2 fxe4 16. Nxb4 Qb8 17. Qd4
a5 18. Nc6 Bxc6 19. dxc6 Ne6 20. Qc3 d5 21. Bf4 Nxf4 22. Nxf4
Bb4 23. Qd4 Qd6 24. Rac1 g5 25. Nh3 h6 26. Rc2 Rf7 27. Rfc1
Rc7 28. Nf2 g4 29. Kh1 Rac8 30. Qb6 h5 31. Nd1 h4 32. gxh4 Nh5
33. Ne3 Nf4 34. Qd4 Qe6 35. Rf1 Rf7 36. Rd1 g3 37. hxg3 Nh5
38. Qxd5 Nxg3+ 39. Kg1 Qg6 40. Qg5 Qxg5 41. hxg5 Rh7 42. Nd5
Kh8 43. Nxb4 axb4 44. Kf2 Nf5 45. Bxe4 Rf8 46. Bf3 Nh4 47. Rd7
1-0

[Event "Indian Premier National A Championship"]
[Site "Mumbai IND"]
[Date "2009.12.06"]
[EventDate "2009.12.01"]
[Round "6"]
[Result "1-0"]
[White "Jha Sriram"]
[Black "Vidit Santosh Gujrathi"]
[WhiteElo "2497"]
[BlackElo "2459"]
[PlyCount "181"]

1. d4 d5 2. c4 c6 3. Nf3 Nf6 4. Nc3 a6 5. c5 Bf5 6. Bf4 Nbd7
7. e3 g6 8. Bd3 Bg4 9. Be2 Bg7 10. O-O O-O 11. h3 Bxf3
12. Bxf3 Re8 13. Qb3 Qc8 14. Na4 Ra7 15. Rad1 e5 16. Bh2 exd4
17. exd4 Ne4 18. Bf4 Nf8 19. Rfe1 Ne6 20. Be3 Nf6 21. Nb6 Qd8
22. Qa4 Re7 23. Bg4 Ne4 24. Bxe6 Rxe6 25. f3 Ng3 26. Bf2 Ne2+
27. Kf1 Nf4 28. Rxe6 Nxe6 29. Qc2 Nf8 30. Qe2 Ne6 31. Qe3 a5
32. Bg3 Bf6 33. a4 Bg5 34. Qe5 Bf6 35. Qe3 Bg5 36. Qe2 Nf4
37. Qe5 Ne6 38. Qe1 Bf6 39. Be5 Bh4 40. g3 Be7 41. Qe3 Ng7
42. g4 Bf8 43. Re1 f6 44. Bf4 g5 45. Bg3 h5 46. f4 hxg4
47. hxg4 gxf4 48. Bxf4 Ra6 49. Bh6 Qc7 50. Bxg7 Kxg7 51. Kg2
Qf7 52. Qd3 Qg6 53. Qxg6+ Kxg6 54. Re8 Bh6 55. Kf3 Bc1 56. b3
Bb2 57. Ke3 Bc1+ 58. Kd3 Bf4 59. Re7 Kg5 60. Rg7+ Kh4 61. Nd7
Bg5 62. Rf7 Ra8 63. Nxf6 Kg3 64. Nh7 Bf4 65. g5 Rg8 66. Rxb7
Kh4 67. Nf6 Rf8 68. Rb6 Bxg5 69. Nh7 Rf3+ 70. Ke2 Re3+ 71. Kf2
Bf4 72. Rxc6 Rxb3 73. Nf6 Bg3+ 74. Ke2 Rb4 75. Nxd5 Rxa4
76. Ne3 Kg5 77. Kd3 Bf2 78. Nc2 Ra2 79. d5 Rb2 80. d6 Kf6
81. Rc8 Ke6 82. Nd4+ Bxd4 83. Kxd4 Rb4+ 84. Kc3 Rb1 85. Re8+
Kd7 86. Re7+ Kd8 87. Ra7 Ra1 88. Kb2 Rd1 89. Rxa5 Kd7 90. Kc2
Rd5 91. Kc3 1-0

[Event "Indian Premier National A Championship"]
[Site "Mumbai IND"]
[Date "2009.12.07"]
[EventDate "2009.12.01"]
[Round "7"]
[Result "1/2-1/2"]
[White "Vidit Santosh Gujrathi"]
[Black "Tejas Bakre"]
[WhiteElo "2459"]
[BlackElo "2474"]
[PlyCount "59"]

1. d4 d5 2. Nf3 Nf6 3. c4 c6 4. e3 e6 5. b3 Nbd7 6. Bb2 Ne4
7. Bd3 Bb4+ 8. Nbd2 f5 9. a3 Bd6 10. Ne5 O-O 11. b4 a5
12. Nxd7 Bxd7 13. c5 Bc7 14. Nf3 Be8 15. Ne5 b6 16. cxb6 Bd6
17. Bxe4 fxe4 18. Bc3 axb4 19. axb4 Rxa1 20. Qxa1 Qxb6 21. O-O
Bxb4 22. Qb2 c5 23. Bxb4 cxb4 24. Rb1 Qa6 25. Qxb4 Qe2 26. Qe1
Qc2 27. Rc1 Qb2 28. Rb1 Qc2 29. Rc1 Qb2 30. Rb1 1/2-1/2

[Event "Indian Premier National A Championship"]
[Site "Mumbai IND"]
[Date "2009.12.09"]
[EventDate "2009.12.01"]
[Round "8"]
[Result "1/2-1/2"]
[White "Rajaram R Laxman"]
[Black "Vidit Santosh Gujrathi"]
[WhiteElo "2511"]
[BlackElo "2459"]
[PlyCount "134"]

1. Nf3 d5 2. d4 Nf6 3. c4 c6 4. Qc2 dxc4 5. Qxc4 Bg4 6. Nbd2
Nbd7 7. g3 e6 8. Bg2 Be7 9. Qb3 Qb6 10. O-O O-O 11. Nc4 Qa6
12. Re1 Rad8 13. Be3 h6 14. a4 Bf5 15. Bf4 Be4 16. Bf1 c5
17. Rec1 cxd4 18. Nfd2 g5 19. Nxe4 Nxe4 20. Qf3 f5 21. Bc7 Rc8
22. Qh5 Kh7 23. Ne5 Nxe5 24. Bxe5 Nf6 25. Qf3 Qb6 26. a5 Qb4
27. a6 Rxc1 28. Rxc1 Ng4 29. Bc7 bxa6 30. h3 Nf6 31. Qc6 Qxb2
32. Rc4 Qb5 33. Qxe6 Qd7 34. Qxa6 Rc8 35. Be5 Rxc4 36. Qxc4
Kg6 37. Bg2 Bd8 38. Bc6 Qf7 39. Qxd4 Qe6 40. Ba4 Bb6 41. Qb2
Ne4 42. e3 Nd2 43. Bh8 Nf3+ 44. Kh1 Qe7 45. Bc6 Ne1 46. Qc3
Kh7 47. Bd4 Qe6 48. Bxb6 axb6 49. Ba8 Qg8 50. Qc7+ Qg7
51. Qxb6 Nd3 52. Kg2 Qe7 53. Bd5 Ne5 54. Qd4 h5 55. Qd1 Kh6
56. Qd4 Kh7 57. f3 Qc7 58. Bb3 Kh6 59. f4 Ng6 60. fxg5+ Kxg5
61. h4+ Kh6 62. Kh3 Qc6 63. Bd5 Qa6 64. Qd2 Kg7 65. Bf3 Qf1+
66. Bg2 Qb5 67. Qd4+ Qe5 1/2-1/2

[Event "Indian Premier National A Championship"]
[Site "Mumbai IND"]
[Date "2009.12.10"]
[EventDate "2009.12.01"]
[Round "9"]
[Result "1-0"]
[White "Vidit Santosh Gujrathi"]
[Black "Sunil Dhopade Swapnil"]
[WhiteElo "2459"]
[BlackElo "2406"]
[PlyCount "65"]

1. d4 Nf6 2. Nf3 g6 3. c4 Bg7 4. Nc3 O-O 5. Bg5 d6 6. e3 c6
7. Be2 Nbd7 8. Qc2 Qc7 9. O-O a5 10. h3 e5 11. Rad1 Re8
12. Bh4 b6 13. a3 exd4 14. Nxd4 Ba6 15. b3 Nc5 16. Bf3 Bb7
17. Rd2 Nfd7 18. g4 Ne6 19. Nde2 Nec5 20. Bg2 Ne5 21. Rfd1 Bf8
22. b4 axb4 23. axb4 Na6 24. Ne4 Nxb4 25. Nf6+ Kh8 26. Nxe8
Rxe8 27. Qc3 c5 28. f4 Bxg2 29. fxe5 Bg7 30. exd6 Qc6 31. Bf6
Bxf6 32. Qxf6+ Kg8 33. d7 1-0

[Event "Indian Premier National A Championship"]
[Site "Mumbai IND"]
[Date "2009.12.12"]
[EventDate "2009.12.01"]
[Round "11"]
[Result "0-1"]
[White "Neelotpal Das"]
[Black "Vidit Santosh Gujrathi"]
[WhiteElo "2440"]
[BlackElo "2459"]
[PlyCount "121"]

1. d4 d5 2. Nf3 Nf6 3. c4 c6 4. e3 Bf5 5. Nc3 a6 6. Qb3 Ra7
7. cxd5 cxd5 8. Ne5 e6 9. Bd2 Nbd7 10. Nxd7 Nxd7 11. a4 Nb8
12. Be2 Nc6 13. O-O Bd6 14. Na2 Qh4 15. g3 Qe7 16. Rfc1 O-O
17. Qd1 Raa8 18. Qe1 e5 19. Bf3 exd4 20. Bxd5 Rfe8 21. exd4
Nxd4 22. Qxe7 Rxe7 23. Re1 Be6 24. Be4 Bxa2 25. Rxa2 Rae8
26. f3 Rxe4 27. Rxe4 Rxe4 28. fxe4 Nf3+ 29. Kf2 Nxd2 30. Ke3
Nb3 31. e5 Bxe5 32. Ke4 Bd6 33. Kd5 Be7 34. a5 Kf8 35. Kc4 Nc5
36. b4 Ne4 37. g4 Ke8 38. Re2 Nd6+ 39. Kc5 Nc8+ 40. Kc4 Kd7
41. Kb3 Na7 42. Ka4 f6 43. Rf2 g6 44. Rf3 Nb5 45. Rh3 f5
46. Rxh7 f4 47. h4 Nd6 48. h5 gxh5 49. g5 Ke6 50. g6 Bf6
51. Rxh5 Bg7 52. Kb3 f3 53. Rh3 Ne4 54. Kc2 Ng5 55. Rh1 Kf5
56. Kd3 Kxg6 57. Rb1 Kf5 58. b5 f2 59. Ke3 Ne4 60. bxa6 bxa6
61. Rh1 0-1

[Event "Indian Premier National A Championship"]
[Site "Mumbai IND"]
[Date "2009.12.13"]
[EventDate "2009.12.01"]
[Round "12"]
[Result "1/2-1/2"]
[White "Kidambi Sundararajan"]
[Black "Vidit Santosh Gujrathi"]
[WhiteElo "2516"]
[BlackElo "2459"]
[PlyCount "59"]

1. d4 d5 2. c4 c6 3. Nc3 Nf6 4. e3 a6 5. Nf3 Bf5 6. Bd3 Bxd3
7. Qxd3 e6 8. O-O Be7 9. e4 dxe4 10. Nxe4 Nxe4 11. Qxe4 O-O
12. Bf4 Nd7 13. Rfd1 Re8 14. Rd3 Nf8 15. Ne5 f6 16. Nf3 Bd6
17. Rad1 Ng6 18. Bxd6 Qxd6 19. g3 Rad8 20. b3 Ne7 21. Kg2 Qd7
22. R3d2 Nf5 23. Re1 Re7 24. Red1 Qc8 25. Qe2 Ree8 26. Rd3 Rd6
27. Qe4 Rdd8 28. R3d2 Qd7 29. Rd3 Nd6 30. Qe2 1/2-1/2

[Event "Indian Premier National A Championship"]
[Site "Mumbai IND"]
[Date "2009.12.14"]
[EventDate "2009.12.01"]
[Round "13"]
[Result "1/2-1/2"]
[White "Vidit Santosh Gujrathi"]
[Black "Subramanian Arun Prasad"]
[WhiteElo "2459"]
[BlackElo "2570"]
[PlyCount "90"]

1. d4 Nf6 2. c4 e6 3. g3 d5 4. Bg2 dxc4 5. Nf3 c5 6. O-O Nc6
7. Qa4 Bd7 8. Qxc4 cxd4 9. Nxd4 Rc8 10. Nc3 Nxd4 11. Qxd4 Bc5
12. Qh4 O-O 13. Bg5 Be7 14. Ne4 h6 15. Bxf6 Bxf6 16. Nxf6+
Qxf6 17. Qxf6 gxf6 18. Rac1 Rxc1 19. Rxc1 Rc8 20. Rxc8+ Bxc8
21. Kf1 Kf8 22. e3 b6 23. Ke2 Ke7 24. Kd3 Kd6 25. Bf3 e5
26. a3 Be6 27. Kc3 Kc5 28. Be2 a5 29. b3 Bd5 30. b4+ axb4+
31. axb4+ Kc6 32. Bc4 Bxc4 33. Kxc4 f5 34. f3 b5+ 35. Kd3 Kd5
36. e4+ fxe4+ 37. fxe4+ Ke6 38. Ke3 Kf6 39. Kf3 Kg5 40. h3 Kh5
41. g4+ Kh4 42. Kg2 Kg5 43. Kg3 Kf6 44. Kh4 Kg6 45. Kg3 Kg5
1/2-1/2

[Event "WY U-16 Olympiad"]
[Site "Burdur TUR"]
[Date "2010.11.28"]
[EventDate "2010.11.27"]
[Round "2"]
[Result "1/2-1/2"]
[White "Cemil Can Ali Marandi"]
[Black "Vidit Santosh Gujrathi"]
[WhiteElo "2191"]
[BlackElo "2489"]
[PlyCount "63"]

1. e4 c5 2. c3 b6 3. d4 Bb7 4. Bd3 Nf6 5. Nd2 e6 6. Ne2 d6
7. O-O Nbd7 8. f4 Qc7 9. a3 Be7 10. Qe1 O-O-O 11. c4 cxd4
12. Nxd4 a6 13. b4 g6 14. Bb2 Kb8 15. a4 e5 16. Ne2 d5
17. fxe5 Nxe4 18. cxd5 Nxd2 19. Rc1 Bc5+ 20. bxc5 Nxf1 21. c6
Nxe5 22. Bxe5 Qxe5 23. c7+ Ka7 24. cxd8=Q Rxd8 25. Kxf1 Qxd5
26. Nf4 Qg5 27. g3 Qg4 28. Qe3 a5 29. Rc7 Rd7 30. Be2 Qf5
31. Bd3 Qg4 32. Be2 1/2-1/2

[Event "WY U-16 Olympiad"]
[Site "Burdur TUR"]
[Date "2010.12.02"]
[EventDate "2010.11.27"]
[Round "7"]
[Result "1/2-1/2"]
[White "Vidit Santosh Gujrathi"]
[Black "Andrey Stukopin"]
[WhiteElo "2489"]
[BlackElo "2458"]
[PlyCount "123"]

1. d4 c5 2. d5 d6 3. c4 g6 4. Nc3 Bg7 5. Nf3 e6 6. dxe6 Bxe6
7. Nb5 Nc6 8. Bf4 Bxb2 9. Nxd6+ Ke7 10. Rb1 Bc3+ 11. Nd2 b6
12. Ne4 Be5 13. Bxe5 Nxe5 14. Qc2 Nf6 15. Nxf6 Kxf6 16. e3 Kg7
17. Be2 Qe7 18. O-O Bf5 19. e4 Bd7 20. Rbd1 Nc6 21. Nb3 Rad8
22. f4 f6 23. Qc3 a5 24. Bd3 Be6 25. Nc1 Rd7 26. Bc2 Rhd8
27. Rxd7 Qxd7 28. f5 gxf5 29. exf5 Bf7 30. Rd1 Qc7 31. Rxd8
Qxd8 32. Ne2 Qd6 33. Ng3 Qd4+ 34. Qxd4 cxd4 35. Bb3 Ne5
36. Ne2 d3 37. Nc3 Bxc4 38. Bxc4 Nxc4 39. Kf2 Kf7 40. Kf3 Ke7
41. Nd5+ Kd6 42. Nxf6 Ke5 43. Ng4+ Kd4 44. f6 Nd6 45. Ne3 b5
46. g3 Kc3 47. Kf4 Kd4 48. Kf3 Nf7 49. Nf1 b4 50. Nd2 a4
51. Nb1 a3 52. Nd2 Kc3 53. Ke3 Nd6 54. g4 h6 55. h3 Kc2
56. Nb3 Nf7 57. Nd2 Ne5 58. Nb3 Nf7 59. Nd2 Kc3 60. Nb3 Nd6
61. Nd2 Ne4 62. Nb3 1/2-1/2

[Event "WY U-16 Olympiad"]
[Site "Burdur TUR"]
[Date "2010.12.02"]
[EventDate "2010.11.27"]
[Round "8"]
[Result "1/2-1/2"]
[White "Vladislav Kovalev"]
[Black "Vidit Santosh Gujrathi"]
[WhiteElo "2355"]
[BlackElo "2489"]
[PlyCount "71"]

1. e4 c5 2. Nf3 d6 3. d4 cxd4 4. Nxd4 Nf6 5. Nc3 Nc6 6. Bg5 e6
7. Qd2 a6 8. O-O-O Bd7 9. f4 b5 10. Bxf6 gxf6 11. Kb1 Qb6
12. Nce2 h5 13. g3 Rc8 14. Nxc6 Bxc6 15. Bg2 f5 16. Qc3 Rg8
17. Bf3 Qb7 18. Nd4 Bxe4 19. Bxe4 fxe4 20. Qe3 d5 21. Qe2 Rh8
22. g4 hxg4 23. Qxg4 Qd7 24. f5 e5 25. Ne2 b4 26. Qg3 Qd6
27. Rhe1 Rd8 28. c4 Qf6 29. cxd5 Qxf5 30. Rf1 Qh5 31. Qe3 Qg6
32. Ng3 Bh6 33. Qa7 Bf4 34. d6 e3+ 35. Ka1 Qe6 36. Qc7 1/2-1/2

[Event "WY U-16 Olympiad"]
[Site "Burdur TUR"]
[Date "2010.12.03"]
[EventDate "2010.11.27"]
[Round "9"]
[Result "1-0"]
[White "Vidit Santosh Gujrathi"]
[Black "Jahongir Vakhidov"]
[WhiteElo "2489"]
[BlackElo "2291"]
[PlyCount "69"]

1. d4 Nf6 2. c4 g6 3. Nc3 d5 4. cxd5 Nxd5 5. Bd2 Bg7 6. e4
Nxc3 7. Bxc3 c5 8. d5 Bxc3+ 9. bxc3 O-O 10. Bc4 Qd6 11. Ne2 f5
12. Bd3 fxe4 13. Bxe4 Bf5 14. Bxf5 Rxf5 15. c4 e6 16. O-O exd5
17. Ng3 Rf4 18. Re1 d4 19. Re8+ Rf8 20. Ne4 Qc6 21. Rxf8+ Kxf8
22. Qf3+ Kg7 23. Qf4 Nd7 24. Nd6 Rf8 25. Qg3 d3 26. Rd1 Nf6
27. Rxd3 Qd7 28. h3 Kg8 29. Qe5 b6 30. Rf3 Qg7 31. Qe6+ Kh8
32. g4 h6 33. h4 Kh7 34. Kg2 Nd7 35. Ne8 1-0

[Event "WY U-16 Olympiad"]
[Site "Burdur TUR"]
[Date "2010.12.04"]
[EventDate "2010.11.27"]
[Round "10"]
[Result "0-1"]
[White "Maksat Atabayev"]
[Black "Vidit Santosh Gujrathi"]
[WhiteElo "2342"]
[BlackElo "2489"]
[PlyCount "104"]

1. e4 c5 2. Nf3 d6 3. d4 cxd4 4. Nxd4 Nf6 5. Nc3 Nc6 6. Bg5 e6
7. Qd2 a6 8. O-O-O Bd7 9. f4 b5 10. Bxf6 gxf6 11. Nxc6 Bxc6
12. Qe3 Qe7 13. Bd3 Qa7 14. Qe2 Be7 15. f5 h5 16. Rhe1 e5
17. Kb1 Bd8 18. Nd5 Bxd5 19. exd5 Bb6 20. Rf1 Ke7 21. Rf3 Rag8
22. Rh3 Rg5 23. Be4 Bc5 24. c3 Qc7 25. b4 Ba7 26. Rc1 Rc8
27. c4 bxc4 28. Rhc3 Qb6 29. Rxc4 Rxc4 30. Qxc4 Kf8 31. Bf3
Kg7 32. Qe4 Qf2 33. Rc2 Qg1+ 34. Rc1 Qxh2 35. a4 h4 36. Rc2
Bd4 37. g4 Qg1+ 38. Rc1 Qf2 39. Qe2 Qg3 40. b5 axb5 41. axb5
h3 42. Rh1 Bg1 43. Kc2 h2 44. b6 Kh7 45. b7 Rg8 46. g5 Qxg5
47. Qc4 Qg3 48. Be4 Qf2+ 49. Kd1 Rb8 50. Qb3 Qd4+ 51. Qd3
Qxd3+ 52. Bxd3 Rxb7 0-1

[Event "48th ch-IND"]
[Site "New Delhi IND"]
[Date "2010.12.09"]
[EventDate "2010.12.09"]
[Round "1"]
[Result "0-1"]
[White "Dinesh Sharma"]
[Black "Vidit Santosh Gujrathi"]
[WhiteElo "2371"]
[BlackElo "2489"]
[PlyCount "46"]

1. e4 c6 2. d4 d5 3. exd5 cxd5 4. c4 Nf6 5. Nc3 Nc6 6. Bg5 Be6
7. Qd2 g6 8. g3 Bg7 9. Bg2 Bf5 10. Bxf6 Bxf6 11. Nxd5 Bxd4
12. Nf3 Bg7 13. Nh4 e6 14. Nxf5 gxf5 15. Nc3 Qxd2+ 16. Kxd2
O-O-O+ 17. Kc2 Nb4+ 18. Kb3 Rd2 19. Rhf1 Nd3 20. Rad1 Rxb2+
21. Ka3 Bf8+ 22. c5 Bxc5+ 23. Ka4 Rb4+ 0-1

[Event "48th ch-IND"]
[Site "New Delhi IND"]
[Date "2010.12.10"]
[EventDate "2010.12.09"]
[Round "2"]
[Result "1/2-1/2"]
[White "Vidit Santosh Gujrathi"]
[Black "J Ramakrishna"]
[WhiteElo "2489"]
[BlackElo "2253"]
[PlyCount "51"]

1. d4 g6 2. c4 Bg7 3. Nf3 Nf6 4. g3 c5 5. d5 d6 6. Nc3 O-O
7. Bg2 Na6 8. O-O Nc7 9. a4 e5 10. e4 Ng4 11. h3 Nh6 12. Ne1
f5 13. Nd3 f4 14. gxf4 Qh4 15. fxe5 Bxh3 16. f3 Qg3 17. Qe2
Ng4 18. fxg4 Bxg2 19. Rxf8+ Rxf8 20. Qxg2 Qxd3 21. exd6 Bd4+
22. Kh2 Be5+ 23. Kg1 Bd4+ 24. Kh2 Be5+ 25. Kg1 Bd4+ 26. Kh2
1/2-1/2

[Event "48th ch-IND"]
[Site "New Delhi IND"]
[Date "2010.12.12"]
[EventDate "2010.12.09"]
[Round "4"]
[Result "1-0"]
[White "Vidit Santosh Gujrathi"]
[Black "Suri Vaibhav"]
[WhiteElo "2489"]
[BlackElo "2418"]
[PlyCount "83"]

1. d4 Nf6 2. c4 e6 3. Nf3 d5 4. g3 dxc4 5. Bg2 a6 6. Ne5 Bb4+
7. Nc3 Nd5 8. Bd2 b5 9. O-O Bxc3 10. bxc3 O-O 11. a4 f6
12. Ng4 Bb7 13. Qb1 c6 14. e4 Nb6 15. Ne3 Qc7 16. Bh3 Re8
17. f4 N8d7 18. a5 Na4 19. f5 e5 20. Rxa4 bxa4 21. Nxc4 Rab8
22. Qa2 Kh8 23. Bg2 Ba8 24. Qxa4 Rb5 25. Qa3 c5 26. d5 Reb8
27. Qa2 Qb7 28. Bf3 Qc7 29. Ra1 Qb7 30. Bd1 Rb1 31. Kf2 Rxa1
32. Qxa1 Qc7 33. Ba4 g6 34. g4 gxf5 35. gxf5 Rg8 36. Qd1 Nb8
37. Bh6 Bb7 38. Qh5 Bc8 39. Be8 Qe7 40. Bf7 Rd8 41. d6 Qa7
42. Bd5 1-0

[Event "48th ch-IND"]
[Site "New Delhi IND"]
[Date "2010.12.13"]
[EventDate "2010.12.09"]
[Round "5"]
[Result "1/2-1/2"]
[White "Kidambi Sundararajan"]
[Black "Vidit Santosh Gujrathi"]
[WhiteElo "2449"]
[BlackElo "2489"]
[PlyCount "50"]

1. d4 d5 2. c4 c6 3. Nc3 Nf6 4. e3 a6 5. Qc2 g6 6. Bd3 Bg7
7. Nf3 O-O 8. O-O Bg4 9. Ne5 Be6 10. Bd2 Nbd7 11. Nxd7 Qxd7
12. cxd5 Bxd5 13. Rfd1 Qc7 14. Nxd5 Nxd5 15. e4 Nf4 16. Bc4
Rad8 17. g3 Nh5 18. Be3 Nf6 19. Be2 Qc8 20. f3 Rd7 21. Rd2
Rfd8 22. Rad1 e6 23. Kg2 Qb8 24. b4 Ne8 25. Qb3 Nc7 1/2-1/2

[Event "48th ch-IND"]
[Site "New Delhi IND"]
[Date "2010.12.14"]
[EventDate "2010.12.09"]
[Round "6"]
[Result "1/2-1/2"]
[White "Vidit Santosh Gujrathi"]
[Black "Geetha Narayanan Gopal"]
[WhiteElo "2489"]
[BlackElo "2609"]
[PlyCount "64"]

1. d4 Nf6 2. c4 g6 3. Nc3 d5 4. cxd5 Nxd5 5. Bd2 Bg7 6. e4
Nxc3 7. Bxc3 c5 8. d5 Bxc3+ 9. bxc3 O-O 10. Bc4 Qd6 11. Ne2
Nd7 12. Bb3 Nb6 13. a4 c4 14. Bc2 e5 15. dxe6 Qxd1+ 16. Rxd1
Bxe6 17. Rb1 Bd7 18. a5 Ba4 19. Kd2 Bxc2 20. Kxc2 Nd7 21. Rxb7
Nc5 22. Rc7 Nxe4 23. f3 Nd6 24. Nd4 a6 25. Rb1 Rfe8 26. Rb6
Nb5 27. Rcc6 Re3 28. Rxa6 Rxc3+ 29. Kb2 Re8 30. Rab6 Rd3
31. Nxb5 Re2+ 32. Kc1 Re1+ 1/2-1/2

[Event "48th ch-IND"]
[Site "New Delhi IND"]
[Date "2010.12.15"]
[EventDate "2010.12.09"]
[Round "7"]
[Result "0-1"]
[White "Marani Rajendran Venkatesh"]
[Black "Vidit Santosh Gujrathi"]
[WhiteElo "2434"]
[BlackElo "2489"]
[PlyCount "110"]

1. e4 c6 2. Nc3 d5 3. Nf3 Bg4 4. h3 Bxf3 5. Qxf3 e6 6. d3 Nd7
7. Bd2 Bb4 8. Qg4 Bf8 9. f4 b5 10. Be2 Qb6 11. a4 b4 12. Nd1
Ngf6 13. Qf3 dxe4 14. dxe4 Qd4 15. e5 Nd5 16. c3 bxc3 17. bxc3
Qb6 18. Nf2 Nc5 19. Bc4 Qb2 20. Ra2 Qb1+ 21. Ke2 Qb7 22. f5
Nb6 23. Bd3 Qd7 24. a5 Nxd3 25. Nxd3 Nc4 26. Ra4 Qd5 27. fxe6
fxe6 28. Rxc4 Qxc4 29. Rf1 O-O-O 30. Qg3 Qe4+ 31. Qe3 Qxg2+
32. Rf2 Qd5 33. Rf7 Rd7 34. c4 Qg2+ 35. Rf2 Qg6 36. Qf3 Rc7
37. a6 Be7 38. Ba5 Rf8 39. Qxf8+ Bxf8 40. Rxf8+ Kd7 41. Kd2 c5
42. Nf4 Qg5 43. Rf7+ Ke8 44. Rxc7 Qxf4+ 45. Kc3 Qc1+ 46. Kb3
Qd1+ 47. Kb2 Qe2+ 48. Kb3 Qd3+ 49. Bc3 Qb1+ 50. Bb2 Qd1+
51. Kc3 Qd4+ 52. Kb3 Qd1+ 53. Kc3 Qd4+ 54. Kb3 Qd8 55. Rc6
Qd1+ 0-1